| 000 | 00424nam a2200157Ia 4500 | ||
|---|---|---|---|
| 008 | 210716s9999 xx 000 0 und d | ||
| 020 | _a9788174467607 | ||
| 041 | _aeng | ||
| 082 | _a658.3124 LALM | ||
| 100 | _aLall, Madhurima;Sharma, Sheetal. | ||
| 245 | _aPersonal growth and training and development. | ||
| 250 | _a1 | ||
| 260 |
_aNew Delhi _bExcel Books |
||
| 300 | _axiv,572 | ||
| 650 | _aHuman Resource Management | ||
| 999 |
_c207234 _d207234 |
||